| 000 | 00981cam a22002895i 4500 | ||
|---|---|---|---|
| 999 |
_c28393 _d28364 |
||
| 001 | 18573201 | ||
| 003 | EG-ScBUE | ||
| 005 | 20200322114231.0 | ||
| 008 | 150413t20162016enka f b 001 0 eng d | ||
| 020 | _a9780199739646 (cloth) | ||
| 020 | _a9780199739653 (pbk.) | ||
| 040 |
_aDLC _beng _erda _cDLC _dEG-ScBUE |
||
| 082 | 0 | 4 |
_a070.18 _bDOC _222 |
| 245 | 0 | 4 |
_aThe documentary film reader : _bhistory, theory, criticism / _cedited by Jonathan Kahana. |
| 264 | 1 |
_aOxford ; _aNew York : _bOxford University Press, _c[2016] |
|
| 264 | 4 | _cc2016 | |
| 300 |
_axviii, 1024 pages : _billustrations ; _c26 cm |
||
| 336 |
_atext _btxt _2rdacontent |
||
| 337 |
_aunmediated _bn _2rdamedia |
||
| 338 |
_avolume _bnc _2rdacarrier |
||
| 504 | _aIncludes bibliographical references and index. | ||
| 650 | 7 |
_aDocumentary films _xHistory and criticism. _2BUEsh _930845 |
|
| 653 |
_bCOMAME _cMarch2020 |
||
| 655 |
_vText book _933728 |
||
| 700 | 1 |
_aKahana, Jonathan, _d1966- _eeditor. |
|
| 942 |
_2ddc _cBB |
||